| 000 | 00859nam a2200301Ia 4500 | ||
|---|---|---|---|
| 003 | OSt | ||
| 005 | 20220912145815.0 | ||
| 006 | a|||||r|||| 00| 0 | ||
| 007 | ta | ||
| 008 | 220909b |||||||| |||| 00| 0 eng d | ||
| 020 | _a3540343563 (hbd) | ||
| 024 | _a77796 | ||
| 037 | _cTextbook | ||
| 040 |
_aCSL _beng _cCSL |
||
| 041 | _aeng | ||
| 082 | _aB217, P6 TB | ||
| 100 | _aSato-Ilic Mika | ||
| 245 | 0 | _aInnovations in fuzzy clustering: theory and applications | |
| 260 | _c2004 | ||
| 300 |
_ap. _ccm. |
||
| 490 | _aStudies in fuzziness and soft computing; 205 | ||
| 500 | _aBibliographical references 147-150p.; Index 151-152p. | ||
| 650 | _a Fuzzy clustering | ||
| 650 | _aComputer Science | ||
| 700 | _a Jain Lakhmi C | ||
| 942 |
_hB217, P6 TB _cTB _2CC |
||
| 999 |
_c38625 _d38625 |
||